Statistics for Countries of East Indies

Click here to take the quiz!

General Stats

  • This quiz has been taken 14 times
    (9 since last reset)
  • The average score is 8 of 8

Answer Stats

Answer% Correct
Brunei
100%
East Timor
100%
Indonesia
100%
Malaysia
100%
Papua New Guinea
100%
Philippines
100%
Singapore
89%
Solomon Islands
67%

Score Distribution

Percentile by Number Answered

Percent of People with Each Score

Your Score History

You have not taken this quiz since the last reset